000 00695nam a22002057a 4500
005 20240530110855.0
008 211003s2012 ua a f b 000 0 ara d
017 _a2012/4558
_bمصر. دار الكتب
040 _aEG-CaGPL
_cEG-CaGPL
082 0 4 _221
_a728\
_bط ن
100 0 _aطارق والى
245 1 0 _aنهج البقاء فى عمارة الصحراء :
_bترانيم معمارية /
_cطارق والى
250 _aط.2
260 _aالقاهرة :
_bمطابع لوتس ،
_c2012
300 _a143 ص. :
_bصور لو ؛
_c20 سم
650 0 7 _2qrmak
_aالصحراء
_xعمارة
650 0 7 _aالعمارة
_xالواحات
651 _2qrmak
942 _2ddc
_cBK
999 _c66019
_d66019